000 00678cam a22002293a 4500
001 1185
003 PGUSA
005 20140828082958.0
008 980201s1998||||xxu|||||s|||||000 | eng d
040 _aPGUSA
_beng
042 _adc
050 4 _aBL
100 1 _aDraper, John William,
_d1811-1882
245 1 0 _aHistory of the Conflict Between Religion and Science
_h[electronic resource] /
_cJohn William Draper
260 _bProject Gutenberg,
_c1998
506 _aPublic domain in the USA.
516 _aElectronic text
653 _aReligion and science -- History
830 0 _aProject Gutenberg
_v1185
856 4 0 _uhttp://www.gutenberg.org/ebooks/1185
942 _cEB
999 _c230533
_d230533